| Tag |
First Indicator |
Second Indicator |
Subfields |
| LEADER |
00000cam a22000004a 4500 |
| 001 |
in00001728126 |
| 005 |
20151024222845.0 |
| 008 |
020605s2003 enka b 001 0 eng |
| 010 |
|
|
|a 2002074927
|
| 015 |
|
|
|a GBA2-U9262
|
| 016 |
7 |
|
|a 101147106
|2 DNLM
|
| 020 |
|
|
|a 0335212042 (hb.)
|
| 020 |
|
|
|a 0335212034 (pb.)
|
| 035 |
|
|
|a (OCoLC)ocm50002684
|
| 040 |
|
|
|a DNLM/DLC
|c DLC
|d NLM
|d UKM
|d C#P
|d TXA
|d UtOrBLW
|
| 042 |
|
|
|a pcc
|
| 049 |
|
|
|a TXAM
|
| 050 |
0 |
0 |
|a RC552.A5
|b D85 2003
|
| 060 |
0 |
0 |
|a 2003 D-438
|
| 060 |
1 |
0 |
|a WM 175
|b D877a 2003
|
| 082 |
0 |
0 |
|a 616.85/2606
|2 21
|
| 100 |
1 |
|
|a Duker, Marilyn.
|
| 245 |
1 |
0 |
|a Anorexia nervosa and bulimia :
|b how to help /
|c Marilyn Duker and Roger Slade.
|
| 250 |
|
|
|a 2nd ed.
|
| 264 |
|
1 |
|a Buckingham ;
|a Philadelphia :
|b Open University Press,
|c 2003.
|
| 300 |
|
|
|a xii, 274 pages :
|b illustrations ;
|c 23 cm.
|
| 336 |
|
|
|a text
|b txt
|2 rdacontent
|
| 337 |
|
|
|a unmediated
|b n
|2 rdamedia
|
| 338 |
|
|
|a volume
|b nc
|2 rdacarrier
|
| 504 |
|
|
|a Includes bibliographical references and index.
|
| 650 |
|
0 |
|a Anorexia nervosa
|x Treatment.
|
| 650 |
|
0 |
|a Bulimia
|x Treatment.
|
| 650 |
1 |
2 |
|a Anorexia Nervosa
|x psychology.
|
| 650 |
1 |
2 |
|a Bulimia
|x psychology.
|
| 650 |
2 |
2 |
|a Anorexia Nervosa
|x therapy.
|
| 650 |
2 |
2 |
|a Behavior Therapy
|x methods.
|
| 650 |
2 |
2 |
|a Bulimia
|x therapy.
|
| 700 |
1 |
|
|a Slade, Roger.
|
| 948 |
|
|
|a cataloged
|b h
|c 2003/3/24
|d c
|e ceaton
|f 1:08:25 pm
|
| 994 |
|
|
|a E0
|b TXA
|
| 999 |
|
|
|a MARS
|
| 999 |
f |
f |
|s 229adb6e-be3c-3de5-93b0-8e14252bb617
|i d402300e-d1e6-3312-bcdf-903b9f3e2e01
|t 0
|
| 952 |
f |
f |
|p ric
|a Texas A&M University
|b Rellis Campus
|c Joint Library Facility
|d Remote Storage
|t 0
|e RC552.A5 D85 2003
|h Library of Congress classification
|i unmediated -- volume
|m A14829936762
|
| 998 |
f |
f |
|a RC552.A5 D85 2003
|t 0
|l Remote Storage
|